LEADER 00718nam a2200193 i 4500 001 000000150289 003 CaOOAMICUS 005 20250925114104.0 008 060513n it u000 u lat u 013 $a127627 040 $aSeMil$bita 245 00$a3: Oriens antiquus. 300 $aVI, 367 p., 27 c. di tav. :$bill. ;$c24 cm 546 $aTesti in tedesco, italiano, francese e inglese 773 0 $tStudia biblica et orientalia.$dRoma : Pontificio Istituto Biblico, 1959.$kAnalecta biblica$g3$w()15709 850 $aSeMil 852 $aSeMil$W1$xVenegono$y1$m2HA G 12$j232158$B102443$CSeMilBibl$Z2$F111122 $81 996 $6245$a3: Oriens antiquus$9(OLS)http://semarc/title/219780 LEADER 00552nab a2200145 i 4500 001 000000280909 003 CaOOAMICUS 005 20140411000000.0 008 140411n xx uu u0 0und r 013 $a33210 040 $aSeMil$bita 245 10$a"Non è qui, è risorto". - 16 p. - Titolo principale dalla prima pagina. 500 $a13 aprile 2014. 773 0 $t[2014 : Gennaio-Giugno].$dBologna : Centro Editoriale Dehoniano, 2014.$w()227150 996 $6245$a"Non è qui, è risorto". - 16 p. - Titolo principale dalla prima pagina.$9(OLS)http://semarc/title/363752